000 00277nam a2200121Ia 4500
008 190216s9999||||xx |||||||||||||| ||und||
100 _aMuhammed Abul Jalal
245 0 _aAl-Azhar-Atharum-Wa-The Qujathar
260 _bS Chand & Co
300 _a90
650 _aArabic
942 _cBK
999 _c50
_d50